Berlin Conference Countries 1884-85 - Statistics

General Stats
  • This quiz has been taken 91 times
  • The average score is 13 of 14
Answer Stats
Answer % Correct
France
100%
Spain
100%
Germany
99%
United Kingdom
97%
Italy
96%
Portugal
95%
Russia
94%
Austria-Hungary
92%
Belgium
92%
Netherlands
90%
United States
90%
Sweden-Norway
88%
Denmark
85%
Ottoman Empire
76%
No matching quizzes found
Score Distribution
Percent of People with Each Score
Percentile by Number Answered
Your Score History
You have not taken this quiz